Impact of investment incentives and European funds on regional development
Analýza investičných stimulov a európskych fondov z hľadiska regionálnej ekonomiky. Skúmanie týchto dvoch foriem verejnej podpory a ich porovnanie s ukazovateľmi regionálneho rozvoja.
Saved in:
| Main Author: | |
|---|---|
| Other Authors: | |
| Format: | Book Chapter |
| Language: | English |
| Subjects: | |
| Tags: |
No Tags, Be the first to tag this record!
|
MARC
| LEADER | 00000naa a2200000 4500 | ||
|---|---|---|---|
| 001 | 0230237 | ||
| 005 | 20231204091950.8 | ||
| 041 | 0 | |a eng | |
| 044 | |a CZ | ||
| 245 | 1 | 0 | |a Impact of investment incentives and European funds on regional development |c Kristýna Brzáková, Karolína Přidalová |
| 520 | |a Analýza investičných stimulov a európskych fondov z hľadiska regionálnej ekonomiky. Skúmanie týchto dvoch foriem verejnej podpory a ich porovnanie s ukazovateľmi regionálneho rozvoja. | ||
| 610 | 2 | 0 | |a stimuly |
| 610 | 2 | 0 | |a fondy Európskej únie |
| 610 | 2 | 0 | |a rozvoj regionálny |
| 610 | 2 | 0 | |a ekonomika regionálna |
| 100 | 1 | |a Brzáková, Kristýna | |
| 700 | 1 | |a Přidalová, Karolína | |